Dobrá matka : strhující psychologický thriller /

Dvě matky. Dvě dcery. Jedna zničující pravda. Strhující psychologický thriller od autorky bestselleru Hodná holka.

Uloženo v:
Hlavní autor: Dunne, Michelle (Autor)
Další autoři: Musilová, Markéta, 1977- (Autor)
Médium: Kniha
Jazyk:Czech
Vydáno: V Praze : Bourdon, 2026
Vydání:Vydání první
Témata:
Celkem bylo vypůjčeno:0x
Tagy:
Žádné tagy
LEADER 02609nam a2200445 i 4500
001 106728
003 CZ PrNK
005 20260703110014.0
007 ta
008 260515s2026 xr g 000 f cze
015 |a cnb003741689 
020 |a 9788076113688  |q (vázáno) 
040 |a ABG001  |b cze  |e rda 
041 1 |a cze  |h eng 
072 7 |a 821.111-3  |x Anglická próza, anglicky psaná  |2 Konspekt  |9 25 
080 |a 821.111(415)-31  |2 MRF 
080 |a (0:82-312.4)  |2 MRF 
100 1 |a Dunne, Michelle  |7 xx0330485  |4 aut  |9 116166 
240 1 0 |a Good mother.  |l Česky 
245 1 0 |a Dobrá matka :  |b strhující psychologický thriller /  |c Michelle Dunne ; přeložila Markéta Musilová 
250 |a Vydání první 
264 1 |a V Praze :  |b Bourdon,  |c 2026 
300 |a 351 stran ;  |c 21 cm 
336 |a text  |b txt  |2 rdacontent 
337 |a bez média  |b n  |2 rdamedia 
338 |a svazek  |b nc  |2 rdacarrier 
500 |a Přeloženo z angličtiny 
520 2 |a Dvě matky. Dvě dcery. Jedna zničující pravda. Strhující psychologický thriller od autorky bestselleru Hodná holka.  |b Alex se vždycky bála vody - už od doby, kdy se jako pětiletá málem utopila. Když pak policie najde její mrtvé tělo v řece, její matka Jen odmítá věřit policejnímu závěru, že šlo o sebevraždu. Jenže zoufalým matkám nikdy nikdo nevěří. Policie její podezření odmítá. Její manžel je přesvědčený, že si jen nechce přiznat pravdu. Dokonce i sousedi Higginsovi, jejichž dvojčata se s Alex kamarádila, Jen nutí, aby se podívala pravdě do očí a jednou provždy to v sobě uzavřela. Proč však Alex v den, kdy zemřela, psala Lie Higginsové, která kdysi byla nejlepší kamarádkou Jen? A proč se Lia tak moc vyhýbá odpovědím na Jenniny otázky? Čím víc se Jen zaměřuje na dokonalou rodinku odvedle, tím víc jí dochází, že Alex před ní měla tajemství. Nebezpečná tajemství. Nakladatelská anotace. Kráceno. 
655 7 |a irské romány (anglicky)  |7 fd132475  |2 czenas  |9 53646 
655 7 |a detektivní romány  |7 fd132010  |2 czenas  |9 53536 
655 7 |a thrillery (romány)  |7 fd184206  |2 czenas  |9 54254 
655 9 |a Irish fiction (English)  |2 eczenas 
655 9 |a detective novels  |2 eczenas 
655 9 |a thrillers (novels)  |2 eczenas 
700 1 |a Musilová, Markéta,  |d 1977-  |7 pna2007403662  |4 trl  |9 26146 
710 2 |a Bourdon (nakladatelství)  |7 xx0221004  |4 pbl  |9 117204 
910 |a UOG502 
942 |2 ddc  |c KN 
999 |d 106728 
993 |0 0  |1 421180107458  |2 ddc  |4 0  |7 0  |9 100243  |b 0  |c 107458  |d 2026-07-03  |e 0  |f DOSP  |h 399.00  |i Koupě  |l DOSP  |r 2026-07-03  |t 6  |w 2026-07-03  |y KN  |z KRIMI  |n